| 000 | 00522nam a2200181Ia 4500 | ||
|---|---|---|---|
| 005 | 20250326144633.0 | ||
| 008 | 250326s9999 xx 000 0 und d | ||
| 037 | _aAnnuals, Advances | ||
| 040 |
_aFMSL _beng _cFMSL |
||
| 041 |
_aeng _2eng |
||
| 084 |
_aX:9y7 M8;3 _qFMSL |
||
| 100 |
_aSaiyadain M S _9310276 |
||
| 245 | 0 |
_aHuman resources management _cSaiyadain M S |
|
| 260 |
_aNew Delhi _bNew Delhi, TataMcGraw Hill |
||
| 300 | _a428p | ||
| 942 |
_cTB _hX:9y7 M8;3 |
||
| 999 |
_c1304423 _d1304423 |
||